Recopilación de leyes por orden numérico, con índices onomástico, temático, numérico y por Ministerios
Enregistré dans:
| Collectivité auteur: | |
|---|---|
| Format: | Livre |
| Langue: | espagnol |
| Publié: |
Santiago
Contraloría General de la República
1954
|
| Sujets: | |
| Tags: |
Ajouter un tag
Pas de tags, Soyez le premier à ajouter un tag!
|
MARC
| LEADER | 00000nam a2200000 a 4500 | ||
|---|---|---|---|
| 001 | UCR0655 | ||
| 003 | CL-VaPUC | ||
| 008 | 971205e19540000CL |||||||||||||||||spa|d | ||
| 082 | 0 | 4 | |a 348.022 |b CON |2 21 |
| 110 | 2 | |a Contraloría General de la República |e author |9 396662 | |
| 245 | 1 | 0 | |a Recopilación de leyes por orden numérico, con índices onomástico, temático, numérico y por Ministerios |
| 300 | |a t | ||
| 942 | |c BK | ||
| 945 | |d 19971205 00:00:00 |a lriquelm | ||
| 260 | |a Santiago |b Contraloría General de la República |c 1954 | ||
| 500 | |a Contiene: desde la ley 11.203, de 31 de Agosto de 1953 a la 11.675, de 3 de Noviembre de 1954 | ||
| 500 | |a Donación profesor Fernando Recio Olguín | ||
| 650 | 7 | |a LEGISLACION |2 CL-VaPUC |9 396663 | |
| 650 | 0 | |a Leyes |9 256670 | |
| 650 | 7 | |a FUENTES |2 CL-VaPUC |9 255666 | |
| 650 | 7 | |a DERECHO CHILENO |2 CL-VaPUC |9 396664 | |
| 650 | 7 | |a DECRETOS SUPREMOS |2 CL-VaPUC |9 396008 | |
| 650 | 7 | |a DECRETO CON FUERZA DE LEY |2 CL-VaPUC |9 358086 | |
| 650 | 0 | |a Tratados internacionales |9 256056 | |
| 650 | 7 | |a PROTOCOLOS |2 CL-VaPUC |9 386841 | |
| 650 | 0 | |a Acuerdos internacionales |9 337381 | |
| 651 | 7 | |a CHILE |2 CL-VaPUC |9 396665 | |
| 583 | |a last modification |c 20140410 09:28:52 |k Rodrigo Vera | ||
| 999 | |c 264154 |d 264152 | ||
| 952 | |0 0 |1 0 |4 0 |6 348_022000000000000_CON_1954 |7 0 |8 F |9 293978 |a BIBDER |b BIBDER |d 2019-11-19 |h t.42 p.1 |i 1910531 |o 348.022 CON 1954 |p 1910531 |r 2023-01-25 |w 2019-11-19 |y BK_F |k DER | ||
| 952 | |0 0 |1 0 |4 0 |6 348_022000000000000_CON_1954 |7 0 |8 F |9 293979 |a BIBDER |b BIBDER |d 2019-11-19 |h t.42 p.2 |i 1910582 |o 348.022 CON 1954 |p 1910582 |r 2023-01-25 |w 2019-11-19 |y BK_F |k DER | ||
| 952 | |0 0 |1 0 |4 0 |6 348_022000000000000_CON_1954 |7 0 |8 X |9 293980 |a BIBHIS |b BIBHIS |d 2019-11-19 |h t.42 |i 2128489 |o 348.022 CON 1954 |p 2128489 |r 2024-01-30 |w 2019-11-19 |y BK_X |k HIS | ||